| 000 | 00762nam a2200241Ia 4500 | ||
|---|---|---|---|
| 005 | 20250508164304.0 | ||
| 008 | 008 250505s9999 xx 000 0 eng d | ||
| 020 | _a1-4020-3537-3 | ||
| 037 | _aReference | ||
| 040 |
_aFEDL _beng _cFEDL |
||
| 041 |
_aeng _2eng |
||
| 084 |
_a305.4, DEB _qFEDL |
||
| 100 |
_aDe Botton Lena _9777846 |
||
| 245 | 0 | _aInclusion of other women: Breaking the silence through dialogic learning. V4 | |
| 260 |
_aDordrecht, Netherland _bDordrecht, Netherland _c2005 |
||
| 300 | _axxv,194p. | ||
| 365 |
_aEURO _b90 |
||
| 490 | _aLifelong learning book series | ||
| 650 |
_aWomen; Feminism _9777847 |
||
| 700 |
_a Puigvert Lidia Sanchez-Aroca Montse _9777848 |
||
| 942 |
_cREF _h305.4, DEB |
||
| 999 |
_c1388147 _d1388147 |
||